[Event "Pinneberg op Seniors 16th"]
[Site "Pinneberg"]
[Date "2015.07.02"]
[Round "1"]
[White "Tantsura, Leonid"]
[Black "Manowski, Werner"]
[Result "1-0"]
[WhiteElo "1650"]
[BlackElo "1220"]
[PlyCount "73"]
[EventDate "2015.07.02"]
[EventType "swiss"]
[EventRounds "7"]
[EventCountry "GER"]
[SourceTitle "EXT 2017"]
[Source "ChessBase"]
[SourceDate "2016.10.25"]
[SourceVersion "1"]
[SourceVersionDate "2016.10.25"]
[SourceQuality "1"]

1. d4 Nf6 2. c4 e5 3. Bg5 exd4 4. Qxd4 Be7 5. Nf3 d6 6. e3 c5 7. Qd3 b6 8. Nc3 Bb7 9. Nd2 Nc6 10. a3 Ne5 11. Qc2 Bc6 12. Rd1 Qc7 13. Nde4 Rd8 14. Bxf6 gxf6 15. Nd5 Qb7 16. Nexf6+ Bxf6 17. Nxf6+ Ke7 18. Nd5+ Bxd5 19. Rxd5 Ng6 20. Qe4+ Kd7 21. Rxd6+ Kc7 22. Qxb7+ Kxb7 23. Rxd8 Rxd8 24. Be2 a5 25. Bf3+ Kc7 26. Bd5 Ne5 27. Ke2 f6 28. f4 Nd7 29. g4 h6 30. h4 Kd6 31. e4 Re8 32. Kf3 Nf8 33. g5 fxg5 34. hxg5 hxg5 35. Rh6+ Ke7 36. f5 Kd8 37. Rxb6 1-0

[Event "Pinneberg op Seniors 14th"]
[Site "Pinneberg"]
[Date "2013.06.20"]
[Round "1"]
[White "Laber, Witalij"]
[Black "Tantsura, Leonid"]
[Result "0-1"]
[WhiteElo "1397"]
[BlackElo "1698"]
[PlyCount "85"]
[EventDate "2013.06.20"]
[EventType "swiss"]
[EventRounds "7"]
[EventCountry "GER"]
[SourceTitle "EXT 2017"]
[Source "ChessBase"]
[SourceDate "2016.10.25"]
[SourceVersion "1"]
[SourceVersionDate "2016.10.25"]
[SourceQuality "1"]

1. e4 e5 2. Bc4 Nf6 3. d3 h6 4. Ne2 Bc5 5. a3 a6 6. 0-0 d6 7. b4 Bb6 8. Nbc3 Bg4 9. Be3 Nbd7 10. Nd5 Nxd5 11. exd5 c6 12. Qd2 c5 13. Kh1 Nf6 14. f3 Bf5 15. Ng3 Bg6 16. Ne4 Rc8 17. Rab1 Nxe4 18. fxe4 Qd7 19. Qf2 0-0 20. Qg3 Kh7 21. bxc5 Bxc5 22. Bxc5 Rxc5 23. Qf2 Bxe4 24. dxe4 Rxc4 25. Rb6 Rxe4 26. Rfb1 Rb8 27. c3 Rc4 28. Qb2 Qc7 29. h3 Rxc3 30. Qb4 Rc5 31. Qe4+ g6 32. Qf3 Kg7 33. Rf1 Rc1 34. Qf6+ Kg8 35. Rb1 Rxb1 36. Rxb1 b5 37. Qf1 Qc5 38. Qe1 Kg7 39. Qa5 Ra8 40. a4 Qc2 41. Rxb5 axb5 42. Qxa8 bxa4 43. Qc6 0-1